Normal view MARC view
  • पाठक सु. पुं

Entry Personal Name

Number of records used in: 1

001 - CONTROL NUMBER

  • control field: 31419

003 - CONTROL NUMBER IDENTIFIER

  • control field: OSt

005 - DATE AND TIME OF LATEST TRANSACTION

  • control field: 20220806094033.0

008 - FIXED-LENGTH DATA ELEMENTS

  • fixed length control field: 220806|| aca||aabn | a|a d

040 ## - CATALOGING SOURCE

  • Original cataloging agency: OSt
  • Transcribing agency: OSt

100 ## - HEADING--PERSONAL NAME

  • Personal name: पाठक सु. पुं

670 ## - SOURCE DATA FOUND

  • Source citation: Work cat.: (OSt)19680: पाठक सु. पुं., आर्थिक भूगोल, 1978